Reactions of acids and bases in analytical chemistry /

Bibliographic Details
Main Author: Hulanicki, A. (Adam)
Format: Book
Language:English
Published: Chichester : New York : Horwood ; Halsted Press, 1987.
Series:Ellis Horwood series in analytical chemistry.
Subjects:

MARC

Tag First Indicator Second Indicator Subfields
LEADER 00000cam a2200000 a 4500
001 in00000015774
005 20151007052610.0
008 871202s1987 enka b 00110 eng d
010 |a gb 85032792   |z 85-16344 
015 |a GB85-32792 
020 |a 0853123306 :  |c £47.50 
020 |a 0470202467 (US) 
035 |a (OCoLC)12514268 
035 |9 AAA8454AM 
040 |a UKM  |c UKM  |d TXA  |d UtOrBLW 
041 1 |a eng  |h pol 
049 |a TXAM  |c [A12564067] 
050 1 0 |a QD477 
050 4 |a QD477  |b .H8413 1987 
082 0 |a 546/.24  |2 19 
100 1 |a Hulanicki, A.  |q (Adam) 
240 1 0 |a Reakcje kwasów i zasad w chemii analitycznej.  |l English 
245 1 0 |a Reactions of acids and bases in analytical chemistry /  |c Adam Hulanicki ; translation editor: Mary R. Masson. 
264 1 |a Chichester :  |b Horwood ;  |a New York :  |b Halsted Press,  |c 1987. 
300 |a 308 pages :  |b illustrations ;  |c 24 cm. 
336 |a text  |b txt  |2 rdacontent 
337 |a unmediated  |b n  |2 rdamedia 
338 |a volume  |b nc  |2 rdacarrier 
490 1 |a Ellis Horwood series in analytical chemistry 
504 |a Bibliography: pages 302-303. 
500 |a Includes index. 
500 |a Translation of: Reakcje kwasów i zasad w chemii analitycznej. 
650 0 |a Acid-base equilibrium. 
653 |a Acid-base balance  |a Theories 
830 0 |a Ellis Horwood series in analytical chemistry. 
999 |a MARS 
999 f f |s f0da4b7b-25a1-3727-a179-e2d4d8b433da  |i c77f5e50-4215-3083-9a05-7f1ebc9a7ff5  |t 0 
952 f f |p ric  |a Texas A&M University  |b Rellis Campus  |c Joint Library Facility  |s JLF  |d Remote Storage  |t 0  |e QD477 .H8413 1987  |h Library of Congress classification  |i unmediated -- volume  |m A14812564067 
998 f f |a QD477 .H8413 1987  |t 0  |l Remote Storage